Contract law (Record no. 18158)
[ view plain ]
| 000 -LEADER | |
|---|---|
| fixed length control field | 00323nam a22001337a 4500 |
| 020 ## - INTERNATIONAL STANDARD BOOK NUMBER | |
| International Standard Book Number | 9789987609260 |
| 082 ## - DEWEY DECIMAL CLASSIFICATION NUMBER | |
| Classification number | 346,022 NDI |
| 100 ## - MAIN ENTRY--PERSONAL NAME | |
| Personal name | Nditi,Nicholas.n.n |
| 245 ## - TITLE STATEMENT | |
| Title | Contract law |
| 250 ## - EDITION STATEMENT | |
| Edition statement | 1ed |
| 260 ## - PUBLICATION, DISTRIBUTION, ETC. | |
| Place of publication, distribution, etc. | Dar es salaam |
| Name of publisher, distributor, etc. | Nicholas nicholas Ngondo nditi, |
| Date of publication, distribution, etc. | 2004 |
| 300 ## - PHYSICAL DESCRIPTION | |
| Extent | xxii,389pg |
| Other physical details | ill.,21cm |
| 942 ## - ADDED ENTRY ELEMENTS (KOHA) | |
| Koha item type | Books |
No items available.
